| 000 | 00758nam a2200241 a 4500 | ||
|---|---|---|---|
| 999 |
_c2323 _d2323 |
||
| 001 | 1736 | ||
| 003 | BD-DhUAP | ||
| 005 | 20210128142722.0 | ||
| 008 | 200223s1995 bg af b 001 0 eng | ||
| 020 | _a053425134X | ||
| 040 |
_aBD-DhUAP _cBD-DhUAP _dBD-DhUAP _bEng |
||
| 082 |
_a616.89 LIL _223 |
||
| 100 | _aLilienfeld, Scott O. | ||
| 245 |
_aSeeing both sides : _bclassic controversies in abnormal psychology / _cScott O. Lilienfeld. |
||
| 260 |
_aPacific Grove : _bBrooks/Cole Publishing, _cc1995. |
||
| 300 |
_a496 pages : _billustrations ; _c26 cm. |
||
| 504 | _aIncludes bibliographical references and index. | ||
| 650 | _aPsychiatry | ||
| 650 | _aPsychiatry -- Philosophy | ||
| 650 | _aClinical psychology. | ||
| 942 |
_2ddc _cBK |
||